000 01175nam a22003377a 4500
003 CHAP
005 20231109100113.0
008 971013s1980 ag a r 00010 spa d
010 _a45003
011 _a45975
035 _a50115
040 _cCHAP
082 _a581.634
_bR3
100 0 0 _aRatera, Enrique L.
_994736
245 1 0 _aPlantas de la flora argentina empleados en medicina popular
_c/por Enrique L. Ratera y Miguel O. Ratera
260 _aBuenos Aires :
_bHemisferio Sur,
_c1980
300 _a189 p. :
_bilus.
590 _aBATCH-UPD
_b10
_c20130110
_lUCH01
_h0043
590 _aBATCH-UPD
_b10
_c20130110
_lUCH01
_h1135
590 _aBATCH-UPD
_b10
_c20130409
_lUCH01
_h2029
590 _aBATCH-UPD
_b10
_c20130410
_lUCH01
_h0723
590 _aBATCH-UPD
_b10
_c20130914
_lUCH01
_h0732
590 _aCONVERSION
_b10
_c20130109
_lUCH01
_h1325
650 1 4 _aBotánica médica.
_914680
650 1 7 _aBotánica
_xArgentina
_2
_914491
700 0 _aRatera, Miguel O.
_994737
901 _aBK
942 _cLIBRO
949 _a581.634 R3
_bBC
_cLIBRO
_d33724000453726
_eLIBRO
_h55674
_i50115
_si
_t380.00
949 _a581.634 R3
_bBC
_cLIBRO
_d33724002165777
_eLIBRO
_fc.2
_h112221
_i50115
_si
999 _c45003
_d45003